000 00484nam a2200157Ia 4500
008 210716s1982 xx 000 0 und d
020 _a0060150424
041 _aeng
082 _a658.00973 PETT
100 _aPeters, Thomas J;Waterman, Robert H.
245 _aIn search of excellence: lessons from Americas best run companies.
_bLessons from Americas best run companies.
250 _a1
260 _aNew York
_bHarper and Row
_c1982
300 _axxvi,360
650 _aMANAGEMENT
999 _c200837
_d200837